000
00469nam a2200169Ia 4500
008
090711s9999 xx 000 0 und d
082
_b
70189
100
_a
कवळी प्रकाश
245
_a
उपेक्षिता
260
_c
1988
300
_a
60
600
_a
कवळी प्रकाश
630
_a
उपेक्षिता
700
_a
कवळी प्रकाश
730
_a
उपेक्षिता
942
_c
BOOK
999
_c
302961
_d
302961